La hipoteca flotante

Bibliographic Details
Main Author: Azofra Vegas, Fernando
Format: eBook
Language:Spanish
Published: Madrid: Dykinson, 2015
Subjects:
Online Access:Acceso restringido

MARC

LEADER 00000nam a22000007a 4500
005 20150513234836.0
007 cr|||| ||||
008 150513s2015 es |||||s|||| 00||0 spa d
020 |a 978-84-9085-304-7 
035 |a 12680 
040 |a vLex 
090 |c 5414  |d 5414 
100 1 |a Azofra Vegas, Fernando 
245 1 3 |a La hipoteca flotante  |h [Recurso electrn̤ico] /  |c Fernando Azofra Vegas 
256 |a Servicio en ln̕ea 
260 |a Madrid:  |b Dykinson,  |c 2015 
300 |a 1 recurso electrn̤ico 
506 1 |a Disponible solo en los productos indicados  |d vLex Global  |d vLex Global (Academic Edition, excluding Law Schools)  |d vLex Global (U.S. Academic Edition, Law Schools)  |d vLex Global (U.S. Academic Edition, excluding Law Schools)  |d vLex Global (Academic Edition, Law Schools) 
650 0 4 |a Derecho Mercantil y de la Empresa  |z Espaą 
740 0 |a vLex Libros (Servicio en ln̕ea) 
856 4 0 |u http://vlex.com/source/hipoteca-flotante-12680  |z Acceso restringido 
942 |c BOOK 
999 0 |a Commercial Law and Business